[Event "Titled Tue 27th May Late"]
[Site "chess.com INT"]
[Date "2025.05.27"]
[Round "7"]
[White "Kucza, Karol"]
[Black "Cervantes Landeiro, Thalia"]
[Result "1-0"]
[WhiteTitle "FM"]
[BlackTitle "FM"]
[WhiteElo "2316"]
[BlackElo "2278"]
[WhiteFideId "1159755"]
[BlackFideId "3520498"]
[EventDate "2025.05.27"]

1. e4 c5 2. Nf3 d6 3. d4 cxd4 4. Nxd4 Nf6 5. Nc3 a6 6. Bg5 e6 7. f4 h6 8. Bh4
Qb6 9. a3 Nbd7 10. Bf2 Qc7 11. Qf3 Be7 12. O-O-O b5 13. g4 Bb7 14. h4 Nc5 15.
Bd3 d5 16. e5 Nfe4 17. Be1 Nxd3+ 18. Qxd3 Rc8 19. Kb1 Nxc3+ 20. Bxc3 Bxa3 21. f5
Qc4 22. fxe6 Qxd3 23. exf7+ Kxf7 24. Rxd3 Bc5 25. Rf1+ Kg8 26. Nf5 Kh7 27. e6
Rhe8 28. Nxg7 Re7 29. Rf7 Rxf7 30. exf7 d4 31. Ne6 dxc3 32. Nxc5 Bc6 33. Ne6
cxb2 34. f8=Q Rxf8 35. Nxf8+ Kg8 36. Ne6 1-0

[Event "Titled Tue 27th May Late"]
[Site "chess.com INT"]
[Date "2025.05.27"]
[Round "7"]
[White "Panarin, Mikhail"]
[Black "Ehlvest, Jaan"]
[Result "1-0"]
[WhiteTitle "GM"]
[BlackTitle "GM"]
[WhiteElo "2562"]
[BlackElo "2532"]
[WhiteFideId "4153251"]
[BlackFideId "4500016"]
[EventDate "2025.05.27"]

1. e4 e5 2. Nf3 Nc6 3. Bb5 a6 4. Ba4 Nf6 5. O-O Be7 6. Re1 b5 7. Bb3 d6 8. c3
O-O 9. h3 h6 10. d4 Re8 11. Nbd2 Bf8 12. Nf1 Bd7 13. Ng3 Na5 14. Bc2 c5 15. b3
cxd4 16. cxd4 Nc6 17. Bb2 Rc8 18. Rc1 Qb6 19. Bb1 a5 20. a3 exd4 21. Nxd4 Ne5
22. Rxc8 Rxc8 23. Ndf5 a4 24. Bd4 Qb7 25. b4 g6 26. Ne3 Be6 27. f4 Ned7 28. Qe2
Bg7 29. Bd3 Nh5 30. Bxg7 Nxg3 31. Qb2 Kh7 32. Bd4 Nxe4 33. f5 gxf5 34. Rf1 Rg8
35. Nxf5 Ng5 36. Nxd6+ 1-0

[Event "Titled Tue 27th May Late"]
[Site "chess.com INT"]
[Date "2025.05.27"]
[Round "7"]
[White "Alvarado, Carlos"]
[Black "Clawitter, Craig"]
[Result "0-1"]
[WhiteTitle "CM"]
[WhiteElo "2032"]
[BlackElo "2050"]
[WhiteFideId "3800555"]
[BlackFideId "2023105"]
[EventDate "2025.05.27"]

1. Nf3 d5 2. b3 Nf6 3. Bb2 c5 4. e3 Nc6 5. Bb5 Bg4 6. h3 Bxf3 7. gxf3 e6 8.
Bxc6+ bxc6 9. Rg1 d4 10. Na3 g6 11. Qe2 Bg7 12. Qa6 O-O 13. Qxc6 Rc8 14. Qa6 Nd5
15. Qc4 dxe3 16. Bxg7 exd2+ 17. Kxd2 Kxg7 18. Ke2 Qa5 19. Nb1 Rfd8 20. c3 Nb6
21. Qe4 c4 22. b4 Qh5 23. Rg3 Nd5 24. a4 Rd7 25. Ra3 Rcd8 26. Qxc4 Nf6 27. Ra2
Qe5+ 28. Kf1 Rd1+ 29. Kg2 Rxb1 30. Re2 Qf5 31. Qc7 Rdd1 32. f4 Rg1+ 33. Kf3 Qd5+
34. Ke3 Qe4+ 35. Kd2 Rgd1# 0-1

[Event "Titled Tue 27th May Late"]
[Site "chess.com INT"]
[Date "2025.05.27"]
[Round "7"]
[White "Kochavi, Dana"]
[Black "Zhukovskyi, Oleksandr"]
[Result "0-1"]
[WhiteTitle "FM"]
[BlackTitle "CM"]
[WhiteElo "2226"]
[BlackElo "2153"]
[WhiteFideId "2837137"]
[BlackFideId "14169371"]
[EventDate "2025.05.27"]

1. e4 Nf6 2. e5 Nd5 3. c4 Nb6 4. d4 d6 5. f4 g6 6. Nf3 Bg7 7. Nc3 dxe5 8. fxe5
c5 9. d5 Bg4 10. Bf4 O-O 11. h3 Bxf3 12. Qxf3 N8d7 13. Qe3 Qb8 14. e6 Ne5 15.
O-O-O Nbxc4 16. Bxc4 Nxc4 17. Bxb8 Nxe3 18. Rd3 Raxb8 19. Rxe3 Bh6 20. Re1 fxe6
21. dxe6 Rf1 22. Rxf1 Bxe3+ 23. Kc2 Rd8 24. Rf3 Rd2+ 25. Kb3 Bd4 26. g4 b5 27.
Nxb5 Rxb2+ 28. Kc4 Rb4+ 29. Kd5 Rxb5 30. Kc6 Rb6+ 31. Kd7 Bf6 32. Ra3 Rd6+ 33.
Ke8 c4 34. Rxa7 c3 35. Rc7 Rxe6 36. h4 h6 37. a4 Ra6 38. Rc4 Rd6 39. a5 e6 0-1

[Event "Titled Tue 27th May Late"]
[Site "chess.com INT"]
[Date "2025.05.27"]
[Round "7"]
[White "Moiseenko, Alexander"]
[Black "Sailer, Mike"]
[Result "1-0"]
[WhiteTitle "GM"]
[WhiteElo "2568"]
[BlackElo "2108"]
[WhiteFideId "14102560"]
[BlackFideId "2012901"]
[EventDate "2025.05.27"]

1. d4 d5 2. Bf4 Nf6 3. e3 Bg4 4. f3 Bf5 5. g4 Bg6 6. h4 h5 7. g5 Nfd7 8. Bd3
Bxd3 9. Qxd3 g6 10. c4 c6 11. Nc3 e6 12. O-O-O Na6 13. a3 dxc4 14. Qxc4 Nb6 15.
Qb3 Bd6 16. Bxd6 Qxd6 17. Ne4 Qc7 18. Nf6+ Kf8 19. Ne2 Kg7 20. Kb1 Nd5 21. e4
Nxf6 22. gxf6+ Kxf6 23. Qc3 Kg7 24. d5+ Kh7 25. d6 Qb6 26. Rhg1 Rad8 27. Qf6
Rhf8 28. e5 Qe3 29. Nf4 Qxf3 30. Rdf1 Qe4+ 31. Ka1 Qf5 32. Nxg6 Qxf6 33. Nxf8+
Rxf8 34. exf6 Nc5 35. Rg5 Kh6 36. Rxc5 1-0

[Event "Titled Tue 27th May Late"]
[Site "chess.com INT"]
[Date "2025.05.27"]
[Round "7"]
[White "Altini, Nicola"]
[Black "Maglioni, Leonardo"]
[Result "1-0"]
[WhiteTitle "IM"]
[WhiteElo "2357"]
[BlackElo "2069"]
[WhiteFideId "833924"]
[BlackFideId "2896830"]
[EventDate "2025.05.27"]

1. e4 c6 2. d4 g6 3. Nc3 Bg7 4. f4 d5 5. e5 a6 6. Be3 Nh6 7. Qd2 Nf5 8. O-O-O e6
9. Be2 h5 10. g3 Nd7 11. Nf3 c5 12. dxc5 Qc7 13. Na4 Bf8 14. b4 a5 15. Nd4 Nxd4
16. Bxd4 axb4 17. Qxb4 Qa5 18. Qxa5 Rxa5 19. Nb6 Nxb6 20. cxb6 Bc5 21. Bxc5 Rxc5
22. Kd2 Bd7 23. Rb1 Ke7 24. Rb4 Ra8 25. Ra1 Ra3 26. Bd3 Rca5 27. Rb2 Bc6 28. Ke3
Kd7 29. h3 Ke7 30. g4 hxg4 31. hxg4 R5a4 32. Rf1 Rxa2 33. Rxa2 Rxa2 34. f5 exf5
35. gxf5 gxf5 36. Rxf5 Rb2 37. Rh5 Rxb6 38. Kd4 Rb4+ 39. Kc5 Rf4 40. Rh7 Ra4 41.
Bf5 Rc4+ 42. Kb6 Rc3 43. e6 1-0

[Event "Titled Tue 27th May Late"]
[Site "chess.com INT"]
[Date "2025.05.27"]
[Round "7"]
[White "Schexnaydre, Benson"]
[Black "Dambaev, Dashi"]
[Result "1-0"]
[BlackTitle "CM"]
[WhiteElo "2103"]
[BlackElo "2211"]
[WhiteFideId "30935547"]
[BlackFideId "55628494"]
[EventDate "2025.05.27"]

1. d4 Nf6 2. c4 e6 3. g3 Bb4+ 4. Nd2 d5 5. Bg2 dxc4 6. Qa4+ Bd7 7. Qxb4 Bc6 8.
Bxc6+ Nxc6 9. Qxc4 Nxd4 10. Ngf3 Nc6 11. O-O O-O 12. Ne4 Nd5 13. b3 Qe7 14. Bb2
a5 15. Rac1 Ncb4 16. a3 Nc6 17. Nc5 Nd8 18. Rfd1 b6 19. Nd3 c5 20. Qg4 f6 21. e4
Nc7 22. Qh4 Nc6 23. e5 f5 24. Qxe7 Nxe7 25. b4 axb4 26. axb4 Ncd5 27. bxc5 bxc5
28. Nxc5 Ra2 29. Bd4 Kf7 30. Ng5+ 1-0

[Event "Titled Tue 27th May Late"]
[Site "chess.com INT"]
[Date "2025.05.27"]
[Round "7"]
[White "Srinath, Rao S.V."]
[Black "Povshednyi, Ivan"]
[Result "1-0"]
[WhiteTitle "IM"]
[BlackTitle "FM"]
[WhiteElo "2299"]
[BlackElo "2320"]
[WhiteFideId "5028876"]
[BlackFideId "14190907"]
[EventDate "2025.05.27"]

1. e4 c5 2. c3 Nf6 3. e5 Nd5 4. d4 cxd4 5. Nf3 e6 6. cxd4 b6 7. Nc3 Nxc3 8. bxc3
Qc7 9. Bd2 Bb7 10. Bd3 d6 11. O-O Nd7 12. Re1 Be7 13. exd6 Qxd6 14. Ne5 Nxe5 15.
Rxe5 g6 16. Bb5+ Bc6 17. Qf3 Rc8 18. Bxc6+ Qxc6 19. d5 Qb7 20. Bh6 Rc5 21. Rae1
Bd6 22. Qf6 Bxe5 23. Rxe5 Rg8 24. dxe6 Rxe5 25. Qxe5 Qe7 26. Qb8+ Qd8 27. Qxd8+
Kxd8 28. exf7 Rh8 29. f8=Q+ Rxf8 30. Bxf8 Kd7 31. g4 Kc6 32. h4 Kb5 33. f4 Kc4
34. Bg7 Kd3 35. f5 Ke4 36. f6 Kd5 37. f7 Kc4 38. f8=Q Kd3 39. Qb4 Kc2 40. c4 Kd1
41. Kf2 Kc1 42. Ke2 Kc2 43. Qb2# 1-0

[Event "Titled Tue 27th May Late"]
[Site "chess.com INT"]
[Date "2025.05.27"]
[Round "7"]
[White "Fadi, Marko"]
[Black "Karas, Eugenia"]
[Result "1-0"]
[WhiteTitle "FM"]
[BlackTitle "WFM"]
[WhiteElo "2244"]
[BlackElo "2124"]
[WhiteFideId "10605371"]
[BlackFideId "463485"]
[EventDate "2025.05.27"]

1. e4 c5 2. Nf3 d6 3. Bb5+ Bd7 4. Bxd7+ Qxd7 5. O-O e5 6. c3 Nc6 7. d4 cxd4 8.
cxd4 exd4 9. Nxd4 Nxd4 10. Qxd4 Nf6 11. Nc3 Be7 12. Bg5 O-O 13. Qd2 Qg4 14. Rfe1
Rfd8 15. Bxf6 Bxf6 16. Nd5 Be5 17. f4 Bf6 18. Re3 Qe6 19. Nc7 Qg4 20. Nxa8 Rxa8
21. Rd3 Be7 22. Rc1 h6 23. Rc7 Bf8 24. Rxb7 Rc8 25. h3 Qe6 26. Qe2 Qxa2 27. Rd1
Qa4 28. Qd3 Rc2 29. Qd5 Qe8 30. Rxa7 Rxb2 31. Rc1 Rb5 32. Ra8 Rxd5 33. Rxe8 Rc5
34. Rb1 d5 35. exd5 1-0

[Event "Titled Tue 27th May Late"]
[Site "chess.com INT"]
[Date "2025.05.27"]
[Round "7"]
[White "Becking, Stephan"]
[Black "Kleimenov, Nikolay"]
[Result "1-0"]
[WhiteTitle "IM"]
[BlackTitle "CM"]
[WhiteElo "2410"]
[BlackElo "2198"]
[WhiteFideId "4632478"]
[BlackFideId "34414223"]
[EventDate "2025.05.27"]

1. d4 Nf6 2. Bf4 g6 3. c3 d6 4. Nd2 Bg7 5. e3 O-O 6. Ngf3 Nbd7 7. Be2 Re8 8. O-O
e5 9. dxe5 dxe5 10. Bg3 Qe7 11. Qc2 b6 12. Rfd1 Bb7 13. a4 a5 14. h3 Rad8 15.
Rac1 e4 16. Nd4 Nc5 17. Bb5 Rf8 18. Nc6 Bxc6 19. Bxc6 Qe6 20. Bb5 c6 21. Bc4 Qe7
22. Nb3 Nh5 23. Bh2 Nf6 24. Nd4 Qd7 25. b4 axb4 26. cxb4 Nd3 27. Bxd3 exd3 28.
Rxd3 Ne4 29. Rdd1 Rfe8 30. Nxc6 1-0

[Event "Titled Tue 27th May Late"]
[Site "chess.com INT"]
[Date "2025.05.27"]
[Round "7"]
[White "Sydoryka, Vladyslav"]
[Black "Klukin, Kirill"]
[Result "1-0"]
[WhiteTitle "FM"]
[BlackTitle "IM"]
[WhiteElo "2224"]
[BlackElo "2407"]
[WhiteFideId "14145928"]
[BlackFideId "24199273"]
[EventDate "2025.05.27"]

1. c4 c5 2. g3 g6 3. Bg2 Bg7 4. Nc3 Nc6 5. Nf3 a6 6. h4 h5 7. d3 Rb8 8. Rb1 b5
9. Qd2 d6 10. O-O Nf6 11. b3 O-O 12. Bb2 Bd7 13. Rbd1 Ng4 14. Nd5 Nd4 15. e3
Nxf3+ 16. Bxf3 Ne5 17. Bg2 e6 18. Nf4 bxc4 19. dxc4 Rb6 20. Bc3 Bc6 21. Qxd6
Qxd6 22. Rxd6 Bxg2 23. Rxb6 Bxf1 24. Kxf1 Nxc4 25. bxc4 Bxc3 26. Rxa6 Rb8 27.
Nd3 Rb1+ 28. Ke2 Bb4 29. Ra7 Bc3 30. Nxc5 Rb2+ 31. Kf3 Rc2 32. Nd3 Bf6 33. c5
Kg7 34. a4 Bc3 35. a5 Bb4 36. a6 Bxc5 37. Rc7 Ra2 38. Nxc5 1-0

[Event "Titled Tue 27th May Late"]
[Site "chess.com INT"]
[Date "2025.05.27"]
[Round "7"]
[White "Jumabayev, Rinat"]
[Black "Vakhidov, Jakhongir"]
[Result "0-1"]
[WhiteTitle "GM"]
[BlackTitle "GM"]
[WhiteElo "2551"]
[BlackElo "2546"]
[WhiteFideId "13702661"]
[BlackFideId "14201801"]
[EventDate "2025.05.27"]

1. Nf3 Nf6 2. c4 g6 3. d4 Bg7 4. g3 c5 5. Bg2 cxd4 6. Nxd4 O-O 7. Nc3 Qc7 8. Nd5
Nxd5 9. cxd5 Qb6 10. Nb3 d6 11. O-O Qa6 12. Nd4 Qb6 13. Nb3 Qa6 14. h3 Nd7 15.
Bg5 Bxb2 16. Bxe7 Re8 17. Rb1 Bg7 18. Bg5 Qxe2 19. Nd4 Qxd1 20. Rfxd1 a6 21. Nc6
bxc6 22. dxc6 Nf6 23. Rxd6 Bf5 24. Rc1 Ne4 25. Bxe4 Bxe4 26. c7 f6 27. Bxf6 Bxf6
28. Rxf6 Bd5 29. a4 Rac8 30. Rxa6 Rxc7 31. Ra1 Rec8 32. g4 Rc3 33. Kh2 Rf8 34.
Rd1 Rxf2+ 35. Kg1 Rg2+ 36. Kf1 Rh2 0-1

[Event "Titled Tue 27th May Late"]
[Site "chess.com INT"]
[Date "2025.05.27"]
[Round "7"]
[White "Kuznetsov, Felix"]
[Black "Ermolaev, Evgeny"]
[Result "1-0"]
[WhiteTitle "FM"]
[BlackTitle "FM"]
[WhiteElo "2170"]
[BlackElo "2282"]
[WhiteFideId "34147990"]
[BlackFideId "24103195"]
[EventDate "2025.05.27"]

1. e4 c5 2. Nf3 a6 3. b3 Nc6 4. Bb2 e6 5. g3 d5 6. exd5 exd5 7. Bg2 Nf6 8. O-O
Be7 9. d4 O-O 10. dxc5 Bxc5 11. Nbd2 h6 12. a3 Bf5 13. b4 Ba7 14. Nb3 Rc8 15.
Rc1 Qd6 16. Nfd4 Bg6 17. c4 Nxd4 18. c5 Qd7 19. Qxd4 Rfe8 20. Qh4 Qf5 21. Bxf6
gxf6 22. Qxh6 b6 23. Bh3 Qd3 24. Bxc8 Qxb3 25. Bd7 Re7 26. c6 Bb8 27. c7 Bxc7
28. Rxc7 1-0

[Event "Titled Tue 27th May Late"]
[Site "chess.com INT"]
[Date "2025.05.27"]
[Round "7"]
[White "Pakleza, Zbigniew"]
[Black "Yanev, Tihomir"]
[Result "0-1"]
[WhiteTitle "GM"]
[BlackTitle "IM"]
[WhiteElo "2484"]
[BlackElo "2354"]
[WhiteFideId "1119290"]
[BlackFideId "2910110"]
[EventDate "2025.05.27"]

1. g3 e5 2. d3 d5 3. c3 Nf6 4. e3 Nc6 5. f3 h5 6. h3 Bd6 7. Ne2 e4 8. dxe4 dxe4
9. f4 Qe7 10. Bg2 Bd7 11. Nd2 O-O-O 12. Qc2 Bf5 13. Nc4 Kb8 14. b4 Bxb4 15. Rb1
Bc5 16. O-O h4 17. g4 Bxg4 18. hxg4 h3 19. g5 hxg2 20. Kxg2 Ng4 21. Kg3 Qe6 22.
Qb3 Rh3+ 23. Kxh3 Nxe3+ 24. f5 Rh8+ 25. Kg3 Nxf1+ 26. Kg2 Qc8 27. Kxf1 Qxf5+ 28.
Ke1 Qf2+ 29. Kd2 Rd8+ 30. Kc2 Qxe2+ 31. Bd2 b6 32. Rd1 e3 33. Kc1 exd2+ 34. Nxd2
Rxd2 0-1

[Event "Titled Tue 27th May Late"]
[Site "chess.com INT"]
[Date "2025.05.27"]
[Round "7"]
[White "Goltsev, Dmitry"]
[Black "Manolache, Marius"]
[Result "0-1"]
[WhiteTitle "FM"]
[BlackTitle "GM"]
[WhiteElo "2183"]
[BlackElo "2408"]
[WhiteFideId "24176710"]
[BlackFideId "1201530"]
[EventDate "2025.05.27"]

1. d4 Nf6 2. Nc3 d6 3. e4 g6 4. h4 h5 5. Be2 Bg7 6. Nh3 Bxh3 7. Rxh3 Nbd7 8. Bg5
c6 9. Qd2 Qa5 10. f3 a6 11. Rh1 c5 12. dxc5 Nxc5 13. a3 Ne6 14. Be3 Rc8 15. Kf2
Qc7 16. Rac1 Nc5 17. b4 Ncd7 18. Nd5 Nxd5 19. Qxd5 Nf6 20. Qd2 Qc3 21. Rb1 Qxd2
22. Bxd2 Rxc2 23. Be3 O-O 24. b5 a5 25. b6 Rfc8 26. Rb5 Nd7 27. Rxa5 Ne5 28. Rd1
Nc4 29. Ra7 Nxe3 30. Kxe3 Bh6+ 31. Kf2 Rb2 32. Rxb7 Rcc2 33. Re1 Bd2 34. Rd1 Ba5
35. Rxe7 Bxb6+ 36. Kg3 Rxe2 37. Rxd6 Rxg2+ 38. Kf4 Bc5 39. Re8+ Kg7 40. Rd7 Bg1
41. Rc8 Rbd2 42. Rb7 Bh2+ 43. Ke3 Rge2# 0-1

[Event "Titled Tue 27th May Late"]
[Site "chess.com INT"]
[Date "2025.05.27"]
[Round "7"]
[White "Eminov, Orkhan"]
[Black "Hua, Eugene"]
[Result "0-1"]
[WhiteTitle "FM"]
[BlackTitle "FM"]
[WhiteElo "2239"]
[BlackElo "2240"]
[WhiteFideId "13402153"]
[BlackFideId "2618150"]
[EventDate "2025.05.27"]

1. e4 d5 2. exd5 Nf6 3. Nc3 Nxd5 4. g3 g6 5. Bg2 c6 6. Nge2 Bg7 7. O-O O-O 8. d4
Bg4 9. h3 Nxc3 10. bxc3 Be6 11. Rb1 b6 12. Nf4 Bxa2 13. Ra1 Bc4 14. Re1 Qd6 15.
Ba3 Qd7 16. Rxe7 Qc8 17. Qf3 Re8 18. Rxe8+ Qxe8 19. d5 Nd7 20. dxc6 Ne5 21. Qe4
Rc8 22. Re1 b5 23. Bc5 a5 24. Bd4 f6 25. Nd5 Qf7 26. Nb6 Re8 27. f4 f5 28. Qe3
Nf3+ 29. Bxf3 Rxe3 30. Rxe3 Bxd4 31. cxd4 a4 32. d5 Qa7 33. Nxc4 bxc4 34. Kf2
Qc5 35. Ke2 a3 36. Rxa3 Qxa3 37. c7 Qe7+ 38. Kd2 Qxc7 0-1

[Event "Titled Tue 27th May Late"]
[Site "chess.com INT"]
[Date "2025.05.27"]
[Round "7"]
[White "Garcia Hernandez, Rebeca"]
[Black "Popovic, Dobrivoj"]
[Result "1-0"]
[WhiteTitle "WCM"]
[BlackTitle "CM"]
[WhiteElo "1903"]
[BlackElo "1945"]
[WhiteFideId "5180872"]
[BlackFideId "907103"]
[EventDate "2025.05.27"]

1. Nf3 c5 2. g3 b6 3. Bg2 Bb7 4. O-O Nf6 5. c4 g6 6. b3 Bg7 7. Bb2 O-O 8. d4
cxd4 9. Bxd4 Nc6 10. Bb2 d6 11. Nc3 Qd7 12. e4 Rfd8 13. Re1 Rac8 14. Qd2 a6 15.
Rad1 Qc7 16. Rc1 Qd7 17. Rcd1 Na7 18. Nd5 Bxd5 19. cxd5 b5 20. e5 dxe5 21. Nxe5
Qe8 22. Qe3 Rc7 23. Bd4 Nd7 24. Nc6 Nxc6 25. dxc6 Bxd4 26. Qxd4 h5 27. cxd7
Rcxd7 28. Qa1 e6 29. h4 Qe7 30. Rxd7 Qxd7 31. Bf3 Qd3 32. Rd1 1-0

[Event "Titled Tue 27th May Late"]
[Site "chess.com INT"]
[Date "2025.05.27"]
[Round "7"]
[White "Mafra, Kaiser Luiz"]
[Black "Omariev, Maksim"]
[Result "0-1"]
[WhiteTitle "CM"]
[BlackTitle "FM"]
[WhiteElo "2094"]
[BlackElo "2304"]
[WhiteFideId "2106698"]
[BlackFideId "4193423"]
[EventDate "2025.05.27"]

1. e4 c5 2. d4 cxd4 3. c3 dxc3 4. Nxc3 e6 5. Nf3 Nc6 6. Bc4 a6 7. O-O Nge7 8.
Bg5 f6 9. Be3 Ng6 10. Bb3 b5 11. Nd5 exd5 12. exd5 Nce5 13. d6 Bb7 14. Nxe5 fxe5
15. f4 exf4 16. Bxf4 Nxf4 17. Re1+ Ne6 18. Bxe6 Qb6+ 19. Kh1 O-O-O 20. Bxd7+
Rxd7 21. Re8+ Rd8 22. Qg4+ Kb8 23. d7 Bd6 24. Rd1 g6 25. Qe6 Qc6 26. Qxd6+ Qxd6
27. Rxd6 Rhxe8 28. dxe8=Q Rxe8 29. h3 Re2 30. Rd7 Bxg2+ 31. Kg1 h5 32. h4 Rxb2
33. Rd6 Be4 34. Rxa6 Kb7 35. Kf1 Kxa6 36. Ke1 Rxa2 37. Kd1 Bf5 38. Kc1 Rd2 39.
Kxd2 Ka5 40. Kc1 Kb4 41. Kb2 Kc4 42. Ka1 Kd4 43. Kb2 Ke3 44. Kb3 Kf4 45. Kb4 Kg3
46. Kxb5 Kxh4 47. Kc5 Kg3 48. Kd4 h4 49. Ke3 h3 50. Ke2 h2 51. Kf1 h1=Q+ 52. Ke2
Qf3+ 53. Kd2 Qd3+ 54. Ke1 Qc2 55. Kf1 Qf2# 0-1

[Event "Titled Tue 27th May Late"]
[Site "chess.com INT"]
[Date "2025.05.27"]
[Round "7"]
[White "Topuz, Mirac Melih"]
[Black "Krotov, Damian"]
[Result "1-0"]
[WhiteTitle "CM"]
[WhiteElo "2130"]
[BlackElo "1967"]
[WhiteFideId "26364611"]
[BlackFideId "24208213"]
[EventDate "2025.05.27"]

1. d4 Nf6 2. f3 d5 3. e4 dxe4 4. Nc3 e5 5. dxe5 Qxd1+ 6. Kxd1 Nfd7 7. Nd5 Kd8 8.
Bg5+ f6 9. exf6 gxf6 10. Nxf6 Be7 11. Nxe4 Nc6 12. Bxe7+ Kxe7 13. Bd3 Nde5 14.
Bb5 Rg8 15. g3 Nd4 16. Be2 Bf5 17. c3 Ndxf3 18. Bxf3 Nxf3 19. Nxf3 Bxe4 20. Re1
Rg4 21. Nd2 Rd8 22. Kc1 Rxd2 23. Kxd2 Kf6 24. Rf1+ Kg5 25. h4+ Kg6 26. Rf4 Rxf4
27. gxf4 Kf5 28. Ke3 Bd5 29. Rg1 Kf6 30. b3 b5 31. c4 bxc4 32. bxc4 Bxc4 33. Rc1
Bxa2 34. Rxc7 a5 35. Rxh7 a4 36. Ra7 Bb3 37. Ra5 Kg6 38. h5+ Kh6 39. Kf2 Bd1 40.
Kg3 Bc2 41. Kh4 Bd1 42. Ra6+ Kg7 43. Kg5 Bc2 44. Ra7+ Kh8 45. h6 Kg8 46. f5 Kh8
47. Kg6 Bb3 48. Ra8+ Bg8 49. h7 a3 50. Rb8 a2 51. Rc8 a1=Q 52. hxg8=Q# 1-0

[Event "Titled Tue 27th May Late"]
[Site "chess.com INT"]
[Date "2025.05.27"]
[Round "7"]
[White "Haussernot, Cecile"]
[Black "Pyrih, Roman"]
[Result "0-1"]
[WhiteTitle "WIM"]
[BlackTitle "FM"]
[WhiteElo "2108"]
[BlackElo "2429"]
[WhiteFideId "601632"]
[BlackFideId "14179156"]
[EventDate "2025.05.27"]

1. e4 a6 2. d4 b5 3. Nf3 Bb7 4. Bd3 e6 5. O-O c5 6. c3 Nf6 7. e5 Nd5 8. a4 Qb6
9. Ng5 Be7 10. Nxh7 cxd4 11. Qh5 g6 12. Qh6 Nc6 13. Qg7 O-O-O 14. Ng5 Rdg8 15.
Qxf7 Nxe5 16. Qxg8+ Rxg8 17. Be4 dxc3 18. axb5 axb5 19. Nxc3 Nxc3 20. bxc3 Bxg5
21. Bxb7+ Kxb7 22. Bxg5 Rc8 23. Be3 Qc6 24. Ra7+ Kb8 25. Rfa1 Nc4 26. Bg5 Rc7
27. R7a6 Qd5 28. Bd8 Rc8 29. Be7 d6 30. h4 Kc7 31. Ra7+ Kc6 32. Bf6 e5 33. Bg5
Qd3 34. R7a6+ Kd5 35. Ra7 Rf8 36. Be7 Rf7 37. Rb7 Ke6 38. Raa7 Qxc3 39. g3 Qe1+ 0-1

[Event "Titled Tue 27th May Late"]
[Site "chess.com INT"]
[Date "2025.05.27"]
[Round "7"]
[White "Chernobay, Artem"]
[Black "Mendes Aaron Reeve"]
[Result "0-1"]
[WhiteTitle "GM"]
[BlackTitle "IM"]
[WhiteElo "2454"]
[BlackElo "2335"]
[WhiteFideId "4167406"]
[BlackFideId "25954938"]
[EventDate "2025.05.27"]

1. d4 d5 2. c4 c6 3. Nf3 Nf6 4. Nc3 dxc4 5. a4 Bf5 6. e3 e6 7. Bxc4 Bb4 8. O-O
O-O 9. Qe2 Nbd7 10. e4 Bg6 11. Bd3 c5 12. d5 Bxc3 13. bxc3 exd5 14. exd5 Nxd5
15. Bc4 Nxc3 16. Qb2 Ne4 17. Qxb7 Nb6 18. Ba2 Nc3 19. Bg5 Qc8 20. Qxc8 Raxc8 21.
a5 Nxa2 22. axb6 Nb4 23. bxa7 Ra8 24. Be7 Rfc8 25. Rfd1 Be4 26. Ne5 f6 27. Nd7
Nc2 28. Ra5 Rc7 29. f3 Ne3 30. Rda1 Rxd7 31. Bxc5 Nc2 32. fxe4 Nxa1 33. Rxa1 Rb7
34. Rd1 Kf7 35. Kf2 Ke6 36. Be3 Ke5 37. Kf3 g5 38. Rd5+ Ke6 39. Rf5 Rb3 40. Kf2
Rc8 41. Kf3 Ra3 0-1

[Event "Titled Tue 27th May Late"]
[Site "chess.com INT"]
[Date "2025.05.27"]
[Round "7"]
[White "Averchenko, Sergej"]
[Black "Sroczynski, Maciej"]
[Result "0-1"]
[WhiteTitle "FM"]
[BlackTitle "FM"]
[WhiteElo "2164"]
[BlackElo "2236"]
[WhiteFideId "4131533"]
[BlackFideId "1121472"]
[EventDate "2025.05.27"]

1. d4 Nf6 2. c4 e6 3. Nc3 Bb4 4. e3 d5 5. Nf3 O-O 6. Bd3 b6 7. O-O Bb7 8. a3 Bd6
9. b4 c5 10. bxc5 bxc5 11. Rb1 Bc6 12. dxc5 Bxc5 13. Ne5 Qd6 14. Nxc6 Nxc6 15.
cxd5 exd5 16. Qa4 Ne5 17. Be2 Rab8 18. Bb2 h6 19. Rfd1 Rfd8 20. Nb5 Qe7 21. Qf4
Ng6 22. Qg3 Ne4 23. Qc7 Qh4 24. g3 Qg5 25. Bf3 Nxf2 26. Kxf2 Qxe3+ 27. Kg2 Qf2+
28. Kh3 Qxf3 29. Rf1 Qh5+ 30. Kg2 Qe2+ 31. Kh3 Qe6+ 32. Kg2 Rdc8 33. Qa5 Qe2+
34. Kh3 Rxb5 35. Qa6 Re8 36. Bxg7 Qh5+ 37. Kg2 Re2+ 0-1

[Event "Titled Tue 27th May Late"]
[Site "chess.com INT"]
[Date "2025.05.27"]
[Round "7"]
[White "Shirov, Alexei"]
[Black "Goryachkina, Aleksandra"]
[Result "1-0"]
[WhiteTitle "GM"]
[BlackTitle "GM"]
[WhiteElo "2620"]
[BlackElo "2544"]
[WhiteFideId "2209390"]
[BlackFideId "4147103"]
[EventDate "2025.05.27"]

1. e4 c5 2. Nf3 Nc6 3. d4 cxd4 4. Nxd4 Nf6 5. Nc3 e6 6. Nxc6 bxc6 7. e5 Nd5 8.
Ne4 Bb7 9. Be2 c5 10. O-O Qc7 11. Nd6+ Bxd6 12. exd6 Qc6 13. f3 e5 14. c4 Nf4
15. Bxf4 exf4 16. Qd2 O-O 17. Qxf4 Rae8 18. Bd3 g6 19. Rfe1 Qb6 20. b3 Re6 21.
Rxe6 fxe6 22. Qe5 Qa5 23. Be4 Bxe4 24. fxe4 Qd2 25. Qxc5 Qb2 26. Rf1 Rxf1+ 27.
Kxf1 Qb1+ 28. Kf2 Qxa2+ 29. Kg3 Qxb3+ 30. Kf4 Qb8 31. Qc7 Qf8+ 32. Ke3 e5 33. g3
Qh6+ 34. Kd3 Qxh2 35. Qd8+ Kg7 36. Qxd7+ Kh6 37. Qg4 1-0

[Event "Titled Tue 27th May Late"]
[Site "chess.com INT"]
[Date "2025.05.27"]
[Round "7"]
[White "Buchenau, Frank"]
[Black "Leinov, Roman"]
[Result "1-0"]
[WhiteTitle "FM"]
[BlackTitle "CM"]
[WhiteElo "2190"]
[BlackElo "2120"]
[WhiteFideId "4604350"]
[BlackFideId "13504649"]
[EventDate "2025.05.27"]

1. e4 c5 2. g3 g6 3. Bg2 Bg7 4. Ne2 Nc6 5. c3 e5 6. d3 Nge7 7. Be3 d6 8. O-O O-O
9. d4 cxd4 10. cxd4 Bg4 11. f3 Bd7 12. Nbc3 Rc8 13. d5 Na5 14. b3 b6 15. Qd2 f5
16. Rac1 Nb7 17. b4 a5 18. a3 Ra8 19. Qd3 fxe4 20. fxe4 Rxf1+ 21. Bxf1 axb4 22.
axb4 Ra3 23. Qb1 b5 24. Qb2 Qa8 25. Rb1 Nd8 26. Nc1 Nf7 27. Nb3 Ra6 28. Nxb5 Ra2
29. Ra1 Rxa1 30. Qxa1 Qc8 31. Qc3 Qb7 32. Qc7 Qxc7 33. Nxc7 Nc8 34. b5 Bf6 35.
b6 Nd8 36. Na5 Kf7 37. b7 Nxb7 38. Nxb7 Bd8 39. Nxd8+ Ke7 40. Bg5+ 1-0